| 000 | 00344nam a2200121Ia 4500 | ||
|---|---|---|---|
| 008 | 220217s9999||||xx |||||||||||||| ||und|| | ||
| 082 | _a821 SOM | ||
| 100 |
_aSomaya, Binda _95084 |
||
| 245 | 0 | _aSilent sentinels traditional architecture of COORG | |
| 260 |
_aHecar foundation _bNew Delhi _c2005 |
||
| 300 | _b1200 | ||
| 650 | _aGENERAL BOOKS | ||
| 999 |
_c175786 _d175786 |
||